Psychologická spôsobilosť sprievodcu cestovného ruchu

Práca sprievodcov cestovného ruchu si vyžaduje ich dôkladnú prípravu. Príprava a vzdelávanie sprievodcov v cestovnom ruchu. Zručnosť sprievodcov v aplikovanej psychológii a sociálnej psychológii.

Gespeichert in:
Bibliographische Detailangaben
1. Verfasser: Šulek, Milan
Format: Buchkapitel
Sprache:Slowakisch
Schlagworte:
Tags: Tag hinzufügen
Keine Tags, Fügen Sie das erste Tag hinzu!

MARC

LEADER 00000naa a2200000 4500
001 r032704
005 20230724104524.7
041 0 |a slo 
044 |a SK 
245 1 0 |a Psychologická spôsobilosť sprievodcu cestovného ruchu  |c Milan Šulek 
520 |a Práca sprievodcov cestovného ruchu si vyžaduje ich dôkladnú prípravu. Príprava a vzdelávanie sprievodcov v cestovnom ruchu. Zručnosť sprievodcov v aplikovanej psychológii a sociálnej psychológii. 
610 2 0 |a ruch cestovný 
610 2 0 |a sprievodcovia 
610 2 0 |a kurzy 
610 2 0 |a služby 
610 2 0 |a psychológia 
610 2 0 |a psychológia sociálna 
610 2 0 |a klienti 
610 2 0 |a osobnosť 
610 2 0 |a psychológia aplikovaná 
100 1 |a Šulek, Milan